[Event "National interclub championship"]
[Site "Brussels"]
[Date "1997.11.02"]
[Round "3"]
[White "Kerkhof, Philippe"]
[Black "Roofthoofd, Marcel"]
[Result "1-0"]
[WhiteElo "2240"]
[BlackElo "2300"]
[Board "3"]
[WhiteTeam "CRÉ Brussels"]
[BlackTeam "SK Moretus Hoboken"]
[BlackTitle "FM"]
[PlyCount "57"]
[EventDate "1997.10.05"]
[Source "BelgaBase"]

1. e4 e6 2. d4 d5 3. Nd2 Nf6 4. e5 Nfd7 5. c3 c5 6. Bd3 Nc6 7. Ngf3 Be7 8. O-O
O-O 9. Re1 c4 10. Bc2 b5 11. h4 Bxh4 12. Nxh4 Qxh4 13. Re3 f5 14. exf6 Rxf6 15.
Qe2 Rh6 16. Rh3 Qe7 17. Rxh6 gxh6 18. Qh5 Nf8 19. Nf3 Qf7 20. Qxh6 Bd7 21. Bf4
Ng6 22. Bd6 Qg7 23. Qh5 Nd8 24. Be5 Nxe5 25. Nxe5 a5 26. Re1 Ra7 27. Re3 Kf8
28. Rg3 Qh8 29. Ng6+ 1-0

[Event "National interclub championship"]
[Site "Brussels"]
[Date "1997.11.02"]
[Round "3"]
[White "Luminet, Denis"]
[Black "Soetewey, Steven"]
[Result "1/2-1/2"]
[WhiteElo "2285"]
[BlackElo "2180"]
[Board "5"]
[WhiteTeam "CRÉ Brussels"]
[BlackTeam "SK Moretus Hoboken"]
[PlyCount "27"]
[EventDate "1997.10.05"]
[Source "BelgaBase"]

1. Nf3 Nc6 2. c4 Nf6 3. Nc3 d5 4. cxd5 Nxd5 5. g3 g6 6. Bg2 Bg7 7. O-O O-O 8.
d4 Nxc3 9. bxc3 e5 10. Be3 exd4 11. Nxd4 Ne5 12. Qb3 Qe7 13. Rab1 c6 14. Rfd1
1/2-1/2

[Event "National interclub championship"]
[Site "Eupen"]
[Date "1997.11.02"]
[Round "3"]
[White "Bauer, Christian"]
[Black "Schebler, Gerhard"]
[Result "1/2-1/2"]
[WhiteElo "2525"]
[BlackElo "2450"]
[Board "1"]
[WhiteTeam "La Tour d'Ans-Loncin"]
[BlackTeam "SK Eupen '47"]
[WhiteTitle "IM"]
[BlackTitle "IM"]
[PlyCount "56"]
[EventDate "1997.10.05"]
[Source "BelgaBase"]

{If this was played on board 1, as it seems, Bauer should have had white.}
1. Nf3 c5 2. c4 Nf6 3. g3 Nc6 4. Bg2 d5 5. cxd5 Nxd5 6. d4 Bf5 7. O-O Ndb4 8.
Na3 cxd4 9. Qa4 e6 10. Bd2 Be4 11. Rfd1 Qb6 12. Bxb4 Qxb4 13. Qxb4 Bxb4 14. Nb5
Rd8 15. Nfxd4 Bxg2 16. Kxg2 Nxd4 17. Rxd4 Rxd4 18. Nxd4 Ke7 19. Rc1 Ba5 20. e3
Bb6 21. Nb3 Rd8 22. Kf3 h5 23. Ke2 g5 24. Rc4 f5 25. h4 g4 26. Nc1 e5 27. Nd3
Ke6 28. Rc2 Re8 1/2-1/2

[Event "National interclub championship"]
[Site "Eupen"]
[Date "1997.11.02"]
[Round "3"]
[White "Thirion, Marcel"]
[Black "Philippe, Christophe"]
[Result "0-1"]
[WhiteElo "2200"]
[BlackElo "2235"]
[Board "5"]
[WhiteTeam "SK Eupen '47"]
[BlackTeam "La Tour d'Ans-Loncin"]
[PlyCount "90"]
[EventDate "1997.10.05"]
[Source "BelgaBase"]

1. e4 c5 2. Nf3 Nc6 3. d4 cxd4 4. Nxd4 g6 5. c4 Bg7 6. Be3 Nf6 7. Nc3 Ng4 8.
Qxg4 Nxd4 9. Qd1 e5 10. Bd3 O-O 11. O-O d6 12. Rc1 Be6 13. Ne2 Nc6 14. Qd2 f5
15. exf5 gxf5 16. Bh6 Rf7 17. Rfd1 Qh4 18. Bg5 Qh5 19. f4 h6 20. Ng3 Qg6 21.
Bh4 Qg4 22. Be2 Qxh4 23. Qxd6 Qe7 24. fxe5 Bxe5 25. Qxe7 Rxe7 26. b3 Rd8 27.
Rxd8+ Nxd8 28. Rf1 Bxg3 29. hxg3 Rd7 30. Bf3 Rd2 31. Re1 Kf7 32. a4 Rb2 33. Re3
Nc6 34. Bd5 Nd4 35. Rd3 Nxb3 36. Bxe6+ Kxe6 37. Rd8 Nd2 38. c5 Ne4 39. Rc8 Nxg3
40. c6 f4 41. Kh2 bxc6 42. Rxc6+ Kf5 43. Kh3 Ne4 44. Rc7 Ng5+ 45. Kh2 f3 0-1

[Event "National interclub championship"]
[Site "Eupen"]
[Date "1997.11.02"]
[Round "3"]
[White "Goossens, Étienne"]
[Black "Renet, Jacques"]
[Result "0-1"]
[WhiteElo "2130"]
[BlackElo "2260"]
[Board "6"]
[WhiteTeam "La tour d'Ans-Loncin"]
[BlackTeam "SK Eupen '47"]
[PlyCount "72"]
[EventDate "1997.10.05"]
[Source "BelgaBase"]

1. d4 g6 2. c4 Bg7 3. Nc3 c6 4. e4 d6 5. h3 f5 6. exf5 Bxf5 7. Bd3 Bxd4 8. Bxf5
Bxc3+ 9. bxc3 gxf5 10. Qh5+ Kd7 11. Qxf5+ Kc7 12. Nf3 Qd7 13. Qd3 Nf6 14. Be3
Na6 15. O-O-O c5 16. Rhe1 Rab8 17. Bf4 Rbe8 18. Bh2 Nb8 19. Nh4 Nc6 20. Nf5 Rd8
21. Rxe7 Nxe7 22. Bxd6+ Kb6 23. Qb1+ Ka6 24. Nxe7 Qa4 25. Rd2 Qxc4 26. Qb2 b6
27. Nc6 Ra8 28. Be5 Rhe8 29. Qa3+ Kb7 30. Rd6 Qf1+ 31. Rd1 Qxg2 32. Na5+ Kc8
33. Bxf6 Qxf2 34. Qa4 Qe3+ 35. Kb2 bxa5 36. Qxe8+ Qxe8 0-1

[Event "National interclub championship"]
[Site "Eupen"]
[Date "1997.11.02"]
[Round "3"]
[White "Schumacher, Helmut"]
[Black "Gulbas, Cemil"]
[Result "0-1"]
[WhiteElo "2190"]
[BlackElo "2190"]
[Board "7"]
[WhiteTeam "SK Eupen '47"]
[BlackTeam "La Tour d'Ans-Loncin"]
[PlyCount "66"]
[EventDate "1997.10.05"]
[Source "BelgaBase"]

1. d4 Nf6 2. Nc3 c5 3. d5 e5 4. e4 d6 5. Be2 g6 6. Bg5 Bg7 7. Qd2 h6 8. Bh4 O-O
9. h3 Qb6 10. Nf3 Nh5 11. O-O Nf4 12. Bc4 f5 13. Rfe1 fxe4 14. Nh2 g5 15. Bg3
Bf5 16. Nxe4 Bxe4 17. Rxe4 Qxb2 18. Qd1 Nd7 19. Rb1 Qc3 20. Rb3 Qa5 21. Bxf4
gxf4 22. Rxb7 Nf6 23. Re1 Rab8 24. Rb3 e4 25. Ng4 Nxg4 26. hxg4 Rbe8 27. Kh1
Bd4 28. Re2 Qd8 29. Rh3 f3 30. gxf3 Rxf3 31. Rxf3 Qh4+ 32. Kg1 Qxg4+ 33. Rg3
Qxg3+ 0-1

[Event "National interclub championship"]
[Site "Tessenderlo"]
[Date "1997.11.02"]
[Round "3"]
[White "Grooten, Herman"]
[Black "Van Beers, Eddy"]
[Result "1-0"]
[WhiteElo "2390"]
[BlackElo "2275"]
[Board "2"]
[WhiteTeam "CC Anderlecht"]
[BlackTeam "OSK Tessenderlo"]
[WhiteTitle "IM"]
[PlyCount "93"]
[EventDate "1997.10.05"]
[Source "BelgaBase"]

1. d4 f5 2. g3 Nf6 3. Bg2 g6 4. b4 Bg7 5. Bb2 O-O 6. c4 d6 7. Nf3 Qe8 8. Qb3
Ne4 9. O-O e5 10. dxe5 dxe5 11. Nc3 Nxc3 12. Qxc3 Nd7 13. Rad1 Bf6 14. e4 Nb6
15. Ba1 Be6 16. exf5 e4 17. Ne5 gxf5 18. Qc1 Nxc4 19. Nxc4 Bxa1 20. Qxa1 Bxc4
21. Rfe1 Qf7 22. g4 Rae8 23. gxf5 Qxf5 24. Qd4 Bxa2 25. Bxe4 Qg5+ 26. Kh1 Qf6
27. Qxf6 Rxf6 28. Bxh7+ Kf8 29. Rxe8+ Kxe8 30. Rd2 Bc4 31. Rd4 Bb5 32. f4 b6
33. Kg2 Rd6 34. Re4+ Kf7 35. Re5 c6 36. Kg3 Rd4 37. Kg4 Rxb4 38. Kg5 Rb2 39.
Bg6+ Kg7 40. Re7+ Kf8 41. Kf6 Re2 42. Rxa7 c5 43. Ra8+ Be8 44. h4 c4 45. h5 c3
46. h6 Kg8 47. Bxe8 1-0

[Event "National interclub championship"]
[Site "Tessenderlo"]
[Date "1997.11.02"]
[Round "3"]
[White "van Schaardenburg, Mark"]
[Black "Tonoli, Walter"]
[Result "1-0"]
[WhiteElo "2245"]
[BlackElo "2240"]
[Board "3"]
[WhiteTeam "OSK Tessenderlo"]
[BlackTeam "CC Anderlecht"]
[BlackTitle "FM"]
[PlyCount "31"]
[EventDate "1997.10.05"]
[Source "BelgaBase"]

1. e4 c5 2. Nc3 g6 3. f4 Bg7 4. Nf3 Nc6 5. Bc4 e6 6. f5 Nge7 7. fxe6 dxe6 8. d3
O-O 9. Bf4 Na5 10. O-O Nxc4 11. dxc4 Qxd1 12. Raxd1 Bxc3 13. bxc3 b6 14. Ne5 f6
15. Bh6 Rf7 16. Rd8+ 1-0

[Event "National interclub championship"]
[Site "Tessenderlo"]
[Date "1997.11.02"]
[Round "3"]
[White "Beeckmans, Felix"]
[Black "Thoeng, Paulus"]
[Result "0-1"]
[WhiteElo "2230"]
[BlackElo "2285"]
[Board "4"]
[WhiteTeam "CC Anderlecht"]
[BlackTeam "OSK Tessenderlo"]
[BlackTitle "FM"]
[PlyCount "120"]
[EventDate "1997.10.05"]
[Source "BelgaBase"]

1. e4 g6 2. d4 Bg7 3. Nf3 c6 4. Bd3 d6 5. c3 Nf6 6. O-O O-O 7. Re1 Nbd7 8. Bg5
h6 9. Bh4 e5 10. Nbd2 Qc7 11. dxe5 dxe5 12. Bc2 Re8 13. Nc4 Bf8 14. a4 Nh5 15.
Qd2 Nb6 16. Nxb6 axb6 17. Bg3 Nxg3 18. hxg3 Be6 19. Qe2 Kg7 20. Bd3 Be7 21. Bc4
Bg4 22. Qc2 h5 23. Nh2 Bc8 24. Nf3 Rh8 25. Rad1 h4 26. gxh4 Bxh4 27. Nxh4 Rxh4
28. Qb3 b5 29. axb5 Bg4 30. Rd3 Rah8 31. f3 Qe7 32. Kf2 Bc8 33. bxc6 bxc6 34.
Qa3 Qg5 35. Qa7 Rf4 36. Rg1 Rh2 37. Re3 Qh4+ 38. Ke2 Qg3 39. Kd1 Qf2 40. Rge1
Qxb2 41. Qa2 Qb6 42. R3e2 Qd8+ 43. Kc1 Qh4 44. Rd1 Qe7 45. Qa5 Rfh4 46. Kc2 Rh8
47. Rdd2 Rh1 48. Bb3 Rg1 49. Qb4 c5 50. Qb6 Rhh1 51. Rd6 c4 52. Ba2 Be6 53. Qc5
Qg5 54. Rdd2 Ra1 55. Bxc4 Rhc1+ 56. Kd3 Qd8+ 57. Bd5 Ra5 58. Qc6 Bxd5 59. exd5
Rxd5+ 60. Ke3 Qg5+ 0-1

[Event "National interclub championship"]
[Site "Tessenderlo"]
[Date "1997.11.02"]
[Round "3"]
[White "Van Herck, Marcel"]
[Black "Faybish, Nimrod"]
[Result "1/2-1/2"]
[WhiteElo "2265"]
[BlackElo "2230"]
[Board "5"]
[WhiteTeam "OSK Tessenderlo"]
[BlackTeam "CC Anderlecht"]
[PlyCount "108"]
[EventDate "1997.10.05"]
[Source "BelgaBase"]

1. e4 c5 2. Nf3 g6 3. d4 cxd4 4. Nxd4 Nc6 5. c4 Bg7 6. Be3 Nf6 7. Nc3 Ng4 8.
Qxg4 Nxd4 9. Qd1 Ne6 10. Qd2 Qa5 11. Rc1 g5 12. Be2 Qe5 13. g3 b6 14. Qd5 Rb8
15. Qxe5 Bxe5 16. Bg4 Nc5 17. Ke2 Bxc3 18. Rxc3 Nxe4 19. Ra3 a5 20. Bf3 Nd6 21.
b3 Nf5 22. c5 Nxe3 23. Kxe3 bxc5 24. Rxa5 d6 25. h4 g4 26. Bc6+ Kf8 27. Ra7 Be6
28. Rd1 h5 29. Bd5 Rh6 30. Rd3 Rf6 31. Bxe6 fxe6 32. Ke2 Rf5 33. f4 gxf3+ 34.
Rxf3 Kf7 35. Rc3 e5 36. Rc4 Rg8 37. b4 Rxg3 38. bxc5 d5 39. Rb4 d4 40. Rbb7
Re3+ 41. Kd2 Rf2+ 42. Kd1 Ke6 43. Rxe7+ Kd5 44. Ra5 Kc6 45. Re6+ Kd5 46. Re7
Ke4 47. c6 Rf5 48. c7 Rc3 49. Ra3 Rf1+ 50. Kd2 Rff3 51. Rxc3 Rxc3 52. a4 Kd5
53. a5 Kd6 54. a6 Rxc7 1/2-1/2

[Event "National interclub championship"]
[Site "Tessenderlo"]
[Date "1997.11.02"]
[Round "3"]
[White "Mičić, Snezana"]
[Black "Maes, Valeer"]
[Result "1/2-1/2"]
[WhiteElo "2210"]
[BlackElo "2215"]
[Board "6"]
[WhiteTeam "CC Anderlecht"]
[BlackTeam "OSK Tessenderlo"]
[WhiteTitle "WFM"]
[PlyCount "134"]
[EventDate "1997.10.05"]
[Source "BelgaBase"]

1. e4 {My source gives this as Maes-Mičić instead of Mičić-Maes. This does not fit with the other games or the players' opening repertoires.}
 e6 2. d4 d5 3. Nd2 c5 4. exd5 exd5 5. Ngf3 Nc6 6. Bb5 Bd6 7. dxc5 Bxc5 8.
O-O Nge7 9. Nb3 Bd6 10. Re1 O-O 11. Bg5 f6 12. Bh4 Ne5 13. Nxe5 Bxe5 14. c3 Qd6
15. Bg3 Nf5 16. Bd3 Nxg3 17. hxg3 Bd7 18. Qc2 f5 19. f4 Qb6+ 20. Qf2 Qxf2+ 21.
Kxf2 Bd6 22. Nd4 g6 23. Be2 Bc5 24. Rad1 Be6 25. Bf3 Bf7 26. Kf1 Rfd8 27. Re2
Rd7 28. Nb3 Bb6 29. Red2 Rad8 30. Nd4 Bxd4 31. Rxd4 Be6 32. c4 dxc4 33. Rxd7
Rxd7 34. Rxd7 Bxd7 35. Bxb7 Be6 36. a3 Kf8 37. Ke2 Ke7 38. Ke3 Kd6 39. Kd4 a5
40. Ba6 Bd5 41. Bxc4 Bxg2 42. Bg8 h6 43. Bh7 g5 44. fxg5 hxg5 45. Bxf5 Bd5 46.
Be4 Bb3 47. Bd3 Bd5 48. Bc4 Bc6 49. Bf7 Bg2 50. b4 axb4 51. axb4 Bc6 52. Bg6
Ba4 53. Bd3 Bc6 54. b5 Bd7 55. b6 Be8 56. Kc3 Bc6 57. Ba6 Bd5 58. Kd4 Bg2 59.
Bd3 Bc6 60. Be4 Bb5 61. b7 Kc7 62. Ke5 Be2 63. Kf5 g4 64. Kf4 Kb8 65. Bf5 Kxb7
66. Bxg4 Bc4 67. Ke5 Kc7 1/2-1/2

[Event "National interclub championship"]
[Site "Ghent"]
[Date "1997.11.02"]
[Round "3"]
[White "Lemmers, Oscar"]
[Black "Claesen, Pieter"]
[Result "1/2-1/2"]
[WhiteElo "2355"]
[BlackElo "2415"]
[Board "1"]
[WhiteTeam "K Ghent S Ruy Lopez"]
[BlackTeam "LV Leuven"]
[WhiteTitle "FM"]
[BlackTitle "FM"]
[PlyCount "146"]
[EventDate "1997.10.05"]
[Source "BelgaBase"]

1. e4 e6 2. d4 d5 3. Nd2 Nf6 4. e5 Nfd7 5. Bd3 c5 6. c3 Nc6 7. Ngf3 Qb6 8. O-O
g6 9. dxc5 Qc7 10. Bb5 Bg7 11. Re1 O-O 12. Bxc6 bxc6 13. Qe2 Nxc5 14. Qe3 Qb6
15. b4 Na4 16. Qf4 Nxc3 17. Nb3 Ne4 18. Be3 Qxb4 19. Bc5 Qb7 20. Bxf8 Bxf8 21.
Rac1 Ba3 22. Rc2 Qd7 23. Nfd2 Nxd2 24. Qxd2 Bf8 25. Qc3 Ba6 26. Nc5 Qc8 27.
Nxa6 Qxa6 28. Qxc6 Qa5 29. Rec1 Rb8 30. Qd7 Bh6 31. Rc7 Rf8 32. Rxa7 Qxa7 33.
Qxa7 Bxc1 34. a4 Rc8 35. Qb7 Rc4 36. g3 Ba3 37. a5 Bc5 38. a6 Rc2 39. Kg2 Rxf2+
40. Kh3 Kg7 41. a7 Bxa7 42. Qxa7 Re2 43. Qd4 g5 44. g4 Re4 45. Qc3 h6 46. Kg3
Kg6 47. Qc7 Kg7 48. h3 Re3+ 49. Kg2 Re2+ 50. Kf3 Re4 51. Qb8 Re1 52. Qb4 Re4
53. Qc3 Kg6 54. Kg3 Kg7 55. Qb2 Re3+ 56. Kg2 Re4 57. Kf3 Kg6 58. Qc3 Kg7 59.
Kg3 Kg6 60. Qf3 Rf4 61. Qa3 h5 62. gxh5+ Kxh5 63. Qf8 Kg6 64. Qg8+ Kf5 65. Qg7
Ke4 66. Qxg5 Rf5 67. Qg7 d4 68. h4 Ke3 69. Qg4 Rf1 70. Kg2 Rf2+ 71. Kg1 Rf3 72.
Qg5+ Ke2 73. Qg2+ Ke3 1/2-1/2

[Event "National interclub championship"]
[Site "Ghent"]
[Date "1997.11.02"]
[Round "3"]
[White "Claesen, Jeroen"]
[Black "Hoogendoorn, Joost"]
[Result "1/2-1/2"]
[WhiteElo "2290"]
[BlackElo "2320"]
[Board "2"]
[WhiteTeam "LV Leuven"]
[BlackTeam "K Ghent S Ruy Lopez"]
[WhiteTitle "FM"]
[BlackTitle "FM"]
[PlyCount "46"]
[EventDate "1997.10.05"]
[Source "BelgaBase"]

1. e4 c6 2. c4 d5 3. cxd5 cxd5 4. exd5 Nf6 5. Nf3 Nxd5 6. Bc4 e6 7. O-O Be7 8.
Nc3 O-O 9. d4 a6 10. Bxd5 exd5 11. Qb3 Nc6 12. Nxd5 Bd6 13. Bg5 Nxd4 14. Bxd8
Nxb3 15. Be7 Nxa1 16. Bxd6 Rd8 17. Nb6 Rxd6 18. Nxa8 Nc2 19. Rc1 Be6 20. a3 f6
21. h3 Nd4 22. Nxd4 Rxd4 23. Nb6 Rd2 1/2-1/2

[Event "National interclub championship"]
[Site "Ghent"]
[Date "1997.11.02"]
[Round "3"]
[White "de Wit, Dick"]
[Black "Vanderwaeren, Serge"]
[Result "1/2-1/2"]
[WhiteElo "2335"]
[BlackElo "2290"]
[Board "3"]
[WhiteTeam "K Ghent S Ruy Lopez"]
[BlackTeam "LV Leuven"]
[BlackTitle "FM"]
[PlyCount "36"]
[EventDate "1997.10.05"]
[Source "BelgaBase"]

1. e4 c5 2. Nf3 a6 3. c3 d5 4. exd5 Nf6 5. Be2 Nxd5 6. d4 cxd4 7. Nxd4 g6 8.
Bf3 Nf6 9. O-O Bg7 10. Nd2 Qc7 11. Qe2 O-O 12. Qc4 Qd6 13. Qb3 Nbd7 14. Nc4 Qc7
15. a4 e5 16. Nc2 Rb8 17. Be3 b6 18. Rfd1 Nc5 1/2-1/2

[Event "National interclub championship"]
[Site "Ghent"]
[Date "1997.11.02"]
[Round "3"]
[White "Van Mechelen, Jan"]
[Black "Van der Stricht, Geert"]
[Result "0-1"]
[WhiteElo "2240"]
[BlackElo "2270"]
[Board "4"]
[WhiteTeam "LV Leuven"]
[BlackTeam "K Ghent S Ruy Lopez"]
[WhiteTitle "FM"]
[PlyCount "54"]
[EventDate "1997.10.05"]
[Source "BelgaBase"]

1. e4 c5 2. Nf3 d6 3. d4 cxd4 4. Nxd4 Nf6 5. Nc3 a6 6. Be2 e5 7. Nb3 Be7 8. O-O
O-O 9. Kh1 Qc7 10. g4 Be6 11. g5 Nfd7 12. Nd5 Bxd5 13. exd5 a5 14. a4 Na6 15.
Be3 Nac5 16. Nxc5 Nxc5 17. Rg1 f5 18. gxf6 Bxf6 19. Rg4 e4 20. c3 Rae8 21. Qf1
Re5 22. Qh3 Nd3 23. Bxd3 exd3 24. Qg2 Qf7 25. Bd4 Re2 26. Rf4 d2 27. Rg1 Re1
0-1

[Event "National interclub championship"]
[Site "Eupen"]
[Date "1997.11.02"]
[Round "3"]
[White "Praet, Maarten"]
[Black "Schalkx, Johnny"]
[Result "0-1"]
[WhiteElo "2200"]
[BlackElo "2290"]
[Board "6"]
[WhiteTeam "LV Leuven"]
[BlackTeam "K Ghent S Ruy Lopez"]
[PlyCount "80"]
[EventDate "1997.10.05"]
[Source "BelgaBase"]

1. e4 e6 2. d3 d5 3. Nd2 Nf6 4. Ngf3 Be7 5. g3 O-O 6. Bg2 b6 7. e5 Nfd7 8. O-O
Bb7 9. Re1 c5 10. h4 Nc6 11. Nf1 Qc7 12. Bf4 d4 13. N1d2 b5 14. Ng5 h6 15. Nh3
Nb4 16. a3 Bxg2 17. Kxg2 Nd5 18. Qh5 Qc6 19. Nf3 f6 20. exf6 Rxf6 21. Re4 Rf5
22. Nhg5 Bxg5 23. hxg5 N5f6 24. Qh3 Nxe4 25. dxe4 Qxe4 26. Re1 Qd5 27. gxh6 g6
28. Qg4 Kh7 29. Kg1 e5 30. Nh4 Qf7 31. Nxf5 gxf5 32. Qh4 Re8 33. Qg5 Qg6 34. c3
Qxg5 35. Bxg5 Kg6 36. Bd2 Nf6 37. f3 e4 38. cxd4 cxd4 39. fxe4 fxe4 40. Bf4 Nd5
0-1

[Event "National interclub championship"]
[Site "Ghent"]
[Date "1997.11.02"]
[Round "3"]
[White "Gommers, Ralf"]
[Black "Houdart, Robert"]
[Result "1-0"]
[WhiteElo "2325"]
[BlackElo "2215"]
[Board "7"]
[WhiteTeam "K Ghent S Ruy Lopez"]
[BlackTeam "LV Leuven"]
[PlyCount "87"]
[EventDate "1997.10.05"]
[Source "BelgaBase"]

1. Nf3 Nf6 2. b3 d5 3. Bb2 Bf5 4. e3 e6 5. Be2 Bd6 6. Nh4 Bg6 7. d3 Nbd7 8. Nd2
c6 9. c4 Qe7 10. Nxg6 hxg6 11. h3 e5 12. Qc2 e4 13. d4 Nh5 14. g4 Nhf6 15.
O-O-O Kf8 16. h4 Re8 17. Kb1 Ng8 18. h5 g5 19. Rhg1 Nh6 20. f3 exf3 21. Bxf3
Nf6 22. Rde1 Qd7 23. e4 Bf4 24. exd5 Rxe1+ 25. Rxe1 cxd5 26. cxd5 Nhxg4 27.
Ba3+ Kg8 28. Re7 Qd8 29. Bxg4 Nxg4 30. Qf5 Nh6 31. Qe4 Bxd2 32. Re8+ Qxe8 33.
Qxe8+ Kh7 34. Qe4+ f5 35. Qe6 Rg8 36. d6 f4 37. d7 Ba5 38. Bd6 g6 39. Qe7+ Rg7
40. hxg6+ Kxg6 41. d8=Q Bxd8 42. Qxd8 Nf7 43. Qe8 Kh7 44. Bxf4 1-0

[Event "National interclub championship"]
[Site "Ghent"]
[Date "1997.11.02"]
[Round "3"]
[White "Van Hul, Chris"]
[Black "de Wit, Michel"]
[Result "1-0"]
[WhiteElo "2245"]
[BlackElo "2305"]
[Board "8"]
[WhiteTeam "LV Leuven"]
[BlackTeam "K Ghent S Ruy Lopez"]
[BlackTitle "FM"]
[PlyCount "53"]
[EventDate "1997.10.05"]
[Source "BelgaBase"]

1. e4 e5 2. f4 Nc6 3. Nc3 d6 4. Nf3 Bg4 5. Bb5 Nge7 6. O-O a6 7. Ba4 exf4 8. d4
g5 9. d5 b5 10. Nxb5 axb5 11. Bxb5 Rb8 12. Bxc6+ Nxc6 13. dxc6 Bg7 14. Qd5 h6
15. Nd4 Rb4 16. c3 Bxd4+ 17. cxd4 Be2 18. Qa5 Rxd4 19. Qc3 Qf6 20. Be3 Qe6 21.
Bxd4 Rg8 22. Rf2 Bc4 23. Re1 h5 24. b3 Ba6 25. Qh3 g4 26. Qxh5 f3 27. Qf5 1-0

[Event "National interclub championship"]
[Site "Ghent"]
[Date "1997.11.02"]
[Round "3"]
[White "de Waal, Mark"]
[Black "Chuchelov, Vladimir"]
[Result "0-1"]
[WhiteElo "2245"]
[BlackElo "2540"]
[Board "1"]
[WhiteTeam "Jean Jauèrs Ghent"]
[BlackTeam "SK Rochade Eupen"]
[BlackTitle "GM"]
[PlyCount "72"]
[EventDate "1997.10.05"]
[Source "BelgaBase"]

1. d4 Nf6 2. Nf3 e6 3. c4 b6 4. Bf4 Bb7 5. e3 Bb4+ 6. Nbd2 O-O 7. Be2 Be7 8. h3
c5 9. O-O cxd4 10. Nxd4 a6 11. Bh2 d6 12. Bf3 Qc8 13. Bxb7 Qxb7 14. Rc1 Nbd7
15. Qe2 Rac8 16. e4 Rfe8 17. Rfd1 Bf8 18. Qe3 b5 19. cxb5 axb5 20. b4 e5 21.
N4b3 d5 22. Na5 Qa8 23. a3 dxe4 24. Rxc8 Rxc8 25. Bg3 Qd5 26. Re1 h6 27. Bh4
Rc2 28. Nab3 Ra2 29. Nb1 Qd3 30. Bxf6 Nxf6 31. N3d2 Qc2 32. Nxe4 Nxe4 33. Qxe4
Qxf2+ 34. Kh1 Rc2 35. Rd1 Re2 36. Qf3 Re1+ 0-1

[Event "National interclub championship"]
[Site "Ghent"]
[Date "1997.11.02"]
[Round "3"]
[White "Winants, Luc"]
[Black "Groffen, Hans"]
[Result "1-0"]
[WhiteElo "2515"]
[BlackElo "2225"]
[Board "2"]
[WhiteTeam "SK Rochade Eupen"]
[BlackTeam "Jean Jaurès Ghent"]
[WhiteTitle "IM"]
[PlyCount "63"]
[EventDate "1997.10.05"]
[Source "BelgaBase"]

1. d4 e6 2. Nf3 d5 3. c4 dxc4 4. e3 b5 5. a4 c6 6. axb5 cxb5 7. b3 a5 8. bxc4
b4 9. Nbd2 Nf6 10. c5 Be7 11. Bb5+ Bd7 12. Qa4 O-O 13. Nc4 Nd5 14. Bd2 Qc7 15.
Bxd7 Nxd7 16. O-O N7f6 17. Qc2 Rfb8 18. Rfb1 Bd8 19. e4 Nc3 20. Bxc3 bxc3 21.
Nb6 Ra7 22. Na4 Rb4 23. Nxc3 Rab7 24. e5 Nd5 25. Nxd5 exd5 26. Re1 Qc6 27. h4
a4 28. Ra2 Rc4 29. Qd3 Qg6 30. Qd1 Rb3 31. Rxa4 Rxf3 32. Ra8 1-0

[Event "National interclub championship"]
[Site "Ghent"]
[Date "1997.11.02"]
[Round "3"]
[White "Meessen, Rudolf"]
[Black "de Wolf, Johan"]
[Result "1-0"]
[WhiteElo "2310"]
[BlackElo "2185"]
[Board "4"]
[WhiteTeam "SK Rochade Eupen"]
[BlackTeam "Jean Jaurès Ghent"]
[PlyCount "93"]
[EventDate "1997.10.05"]
[Source "BelgaBase"]

1. d4 Nf6 2. c4 e6 3. Nc3 d5 4. cxd5 exd5 5. Bg5 c6 6. e3 Be7 7. Bd3 Nbd7 8.
Qc2 Nf8 9. Nge2 Ne6 10. Bh4 g6 11. f3 Ng7 12. O-O-O O-O 13. Kb1 Bf5 14. Rhe1
Bxd3 15. Qxd3 Re8 16. Ng3 a5 17. Bxf6 Bxf6 18. e4 Ne6 19. Nge2 dxe4 20. fxe4
Qb6 21. e5 Bg7 22. Rf1 Rad8 23. Ne4 Rd5 24. Nd6 Rf8 25. Qc4 Nxd4 26. Nc3 Rc5
27. Qxd4 Bxe5 28. Nc4 Bxd4 29. Nxb6 Bxc3 30. Nd7 Rb5 31. Kc2 Bxb2 32. Nxf8 Kxf8
33. Rd7 f6 34. Rb1 Be5 35. Rxb5 cxb5 36. Rxb7 Bxh2 37. Rxb5 Bc7 38. Rb7 Bd8 39.
Rxh7 Be7 40. Kb3 f5 41. Kc4 Bb4 42. Kd5 Kg8 43. Rc7 f4 44. Ke6 Bd2 45. Kf6 g5
46. Kxg5 f3+ 47. Kg6 1-0

[Event "National interclub championship"]
[Site "Ghent"]
[Date "1997.11.02"]
[Round "3"]
[White "Riemens, Albert"]
[Black "Coenen, Norbert"]
[Result "0-1"]
[WhiteElo "2185"]
[BlackElo "2335"]
[Board "5"]
[WhiteTeam "Jean Jaurès Ghent"]
[BlackTeam "SK Rochade Eupen"]
[BlackTitle "FM"]
[PlyCount "30"]
[EventDate "1997.10.05"]
[Source "BelgaBase"]

1. e4 c5 2. c3 d5 3. exd5 Qxd5 4. d4 Nf6 5. Nf3 e6 6. Nbd2 Nc6 7. Bc4 Qd8 8.
dxc5 Bxc5 9. O-O Qc7 10. Qe2 a6 11. Re1 b5 12. Bb3 Bb7 13. h3 O-O 14. Nf1 Ne7
15. Ng3 Qxg3 0-1

[Event "National interclub championship"]
[Site "Mons"]
[Date "1997.11.02"]
[Round "3"]
[White "Laurent, Bruno"]
[Black "Bosboom, Manuel"]
[Result "1/2-1/2"]
[WhiteElo "2225"]
[BlackElo "2430"]
[Board "1"]
[WhiteTeam "L'Échiquier du Grand-Mons"]
[BlackTeam "K Antwerp SK"]
[BlackTitle "IM"]
[PlyCount "107"]
[EventDate "1997.10.05"]
[Source "BelgaBase"]

1. e4 c5 2. Nf3 d6 3. c3 Nf6 4. Be2 g6 5. O-O Bg7 6. Bb5+ Bd7 7. Bxd7+ Nfxd7 8.
d4 O-O 9. Re1 Nc6 10. Bg5 b5 11. Qd2 Re8 12. Na3 Rb8 13. Rad1 Qa5 14. dxc5 Nxc5
15. Nd4 Nxd4 16. cxd4 Qxd2 17. Rxd2 Ne6 18. Be3 Rec8 19. b3 a5 20. Nc2 Rc3 21.
Kf1 Kf8 22. d5 Nc5 23. Bd4 a4 24. b4 Bxd4 25. Nxd4 Nd3 26. Rb1 h5 27. Nc6 Rc8
28. Na7 Rc1+ 29. Rd1 Rxb1 30. Rxb1 Rc2 31. a3 Rxf2+ 32. Kg1 Ra2 33. Nxb5 Nf4
34. Nd4 Rxg2+ 35. Kh1 Rd2 36. b5 Nd3 37. b6 Nc5 38. Nc6 Nb7 39. Rb4 f5 40. exf5
gxf5 41. Rxa4 Rxd5 42. Ra7 Nc5 43. Nxe7 Rd1+ 44. Kg2 Rb1 45. Nd5 Rb3 46. Nb4 f4
47. b7 f3+ 48. Kg3 h4+ 49. Kh3 Nxb7 50. Rxb7 Rxa3 51. Rd7 f2+ 52. Kg2 Rh3 53.
Rxd6 Rxh2+ 54. Kf1 1/2-1/2

[Event "National interclub championship"]
[Site "Mons"]
[Date "1997.11.02"]
[Round "3"]
[White "Knoppert, Erik"]
[Black "Wantiez, Fabrice"]
[Result "0-1"]
[WhiteElo "2385"]
[BlackElo "2105"]
[Board "2"]
[WhiteTeam "K Antwerp SK"]
[BlackTeam "L'Échiquier du Grand-Mons"]
[WhiteTitle "FM"]
[PlyCount "100"]
[EventDate "1997.10.05"]
[Source "BelgaBase"]

1. c4 Nf6 2. g3 g6 3. Bg2 Bg7 4. Nc3 O-O 5. e3 e6 6. b3 d5 7. Ba3 Re8 8. Nge2
c6 9. O-O Nbd7 10. Qc2 Nb6 11. d3 e5 12. cxd5 Nbxd5 13. Ne4 Qa5 14. Qc5 Qxc5
15. Bxc5 Bg4 16. f3 Be6 17. Nd6 Reb8 18. e4 Nb6 19. Nc4 Nxc4 20. dxc4 Rd8 21.
Rfd1 a5 22. Nc3 Rxd1+ 23. Rxd1 Nd7 24. Na4 b5 25. cxb5 cxb5 26. Nb6 Nxb6 27.
Bxb6 a4 28. bxa4 bxa4 29. Rd2 Bf8 30. Bf1 Rb8 31. Bc7 Rb1 32. Kg2 f6 33. Bd6 a3
34. Bxf8 Kxf8 35. Rd6 Bxa2 36. Rxf6+ Ke7 37. Ra6 Rb3 38. g4 Rc3 39. Bb5 Be6 40.
Bc6 Bc4 41. Ra7+ Kd6 42. Bd5 Bxd5 43. exd5 Kxd5 44. Rxh7 Kc4 45. h4 a2 46. Ra7
Kb3 47. h5 gxh5 48. gxh5 Kb2 49. h6 a1=Q 50. Rxa1 Kxa1 0-1